000 00884nam a2200229 a 4500
001 54335
003 BD-RjUL
005 20211209080115.0
008 161106s2005 bg ||||| |||| 00| 0 ben d
020 _c: TK 200.00
035 _a(BD-RjUL)54457
040 _aBD-RjUL
_bben
_cBD-RjUL
041 _aben
082 _223
_a615.532
_bRAH 2005
100 _aরশিদ, খন্দকার আব্দুর
_9162160
245 1 0 _aহোমিওপ্যাথিক প্রসব চিকিৎসা বিজ্ঞান /
_cখন্দকার আব্দুর রশিদ
260 _aঢাকা :
_bতানভিরা তনু খন্দকার,
_c২০০৫
300 _a১৪৩ পৃ. :
_bচিত্র ;
_c২১ সেমি.
650 _aহোমিওপ্যাথি
_9162161
650 _aHomopathy
_9162162
942 _2ddc
_cBK
999 _c54335
_d54335